000 00641nam a2200241Ia 4500
003 OSt
005 20220924114731.0
006 a|||||r|||| 00| 0
007 ta
008 220923b |||||||| |||| 00| 0 ara d
024 _a336177
037 _cTextual
040 _aARTS
_cARTS
_bara
041 _2ara
_aara
082 _aO28,1x, K3
100 _aJilavi Muhammad Tahir Au.
_9175082
245 0 _aMehrjan ash-shair
260 _aCairo
_bDar matabe Egypt
_c1963
300 _a268p.
_ccm.
650 _aARABIC POETRY
942 _hO28,1x, K3
_cTEXL
_2CC
999 _c395017
_d395017